000 00800nam a2200265Ia 4500
003 OSt
005 20220927103136.0
006 a|||||r|||| 00| 0
007 ta
008 220926b |||||||| |||| 00| 0 eng d
024 _a36620
037 _cReference Collections
040 _aRTL
_cRTL
_beng
041 _2eng
_aeng
082 _a"X:76.677.N7, M2/UN"
100 _aPAGE John. M
_9353588
245 0 _aShadow prices for trade strategy and investment planning in Egypt
260 _aWashington
_bWorld Bank U. S. A.
300 _a201p.
_ccm.
490 _a"World Bank Staff Working Papers, 521."
650 _a Economics
650 _aPrice
_9353589
942 _h"X:76.677.N7, M2/UN"
_cCC
999 _c680853
_d680853